Journal of Business : January/June 1999 volume 3 number 1 (Record no. 86364)

MARC details
000 -LEADER
fixed length control field 00781nam a22002297a 4500
003 - CONTROL NUMBER IDENTIFIER
control field CBULib
005 - DATE AND TIME OF LATEST TRANSACTION
control field 20250805101559.0
008 - FIXED-LENGTH DATA ELEMENTS--GENERAL INFORMATION
fixed length control field 250805b |||||||| |||| 00| 0 eng d
020 ## - INTERNATIONAL STANDARD BOOK NUMBER
International Standard Book Number 9982070751
040 ## - CATALOGING SOURCE
Original cataloging agency CBULib
Language of cataloging English
Transcribing agency CBULib
Description conventions rda
041 ## - LANGUAGE CODE
Language code of text/sound track or separate title eng
050 ## - LIBRARY OF CONGRESS CALL NUMBER
Classification number CBU-SB(05)JB/1999/3/1
110 ## - MAIN ENTRY--CORPORATE NAME
9 (RLIN) 4712
Corporate name or jurisdiction name as entry element The Copperbelt University-School of Business(CBU-SB)
245 ## - TITLE STATEMENT
Title Journal of Business : January/June 1999 volume 3 number 1
Statement of responsibility, etc / by The Copperbelt University-School of Business(CBU-SB)
260 ## - PUBLICATION, DISTRIBUTION, ETC. (IMPRINT)
Place of publication, distribution, etc Ktwe :
Name of publisher, distributor, etc Copperbelt University,
Date of publication, distribution, etc 1999.
300 ## - PHYSICAL DESCRIPTION
Extent 102 pages : illustrations
336 ## - CONTENT TYPE
Source rdacontent
Content type term Text |
Content type code txt
337 ## - MEDIA TYPE
Source rdamedia
Media type term Unmediated |
Media type code n
338 ## - CARRIER TYPE
Source rdacarrier
Carrier type term Volume
Carrier type code nc
650 #0 - SUBJECT ADDED ENTRY--TOPICAL TERM
9 (RLIN) 4741
Topical term or geographic name as entry element BUSINESS--PERIODICALS
942 ## - ADDED ENTRY ELEMENTS (KOHA)
Source of classification or shelving scheme
Koha item type UNIVERSITY COLLECTION
Holdings
Withdrawn status Lost status Source of classification or shelving scheme Damaged status Not for loan Collection code Permanent Location Current Location Shelving location Date acquired Source of acquisition Total Checkouts Full call number Barcode Date last seen Copy number Price effective from Koha item type
          Special Collections CBU-MAIN LIBRARY, KITWE. CBU-MAIN LIBRARY, KITWE. Special Collections 08/05/2025 DEP-CBU   CBU-SB(05)JB/1999/3/1B B1374 08/05/2025 1 08/05/2025 UNIVERSITY COLLECTION